| 000 | 02067nam a22005534i 4500 | ||
|---|---|---|---|
| 003 | PE-LiUPU | ||
| 005 | 20250731184535.0 | ||
| 008 | 17117 s2014 pe a rb 000 0 spa d | ||
| 020 | _a9789972514852 | ||
| 035 | _a(Sirsi) a239988 | ||
| 040 |
_aPE-LiUPU _bspa _cPE-LiUPU _erda |
||
| 049 | _aPRUA | ||
| 082 | 0 | 4 |
_a985.25 _bD45 _221 |
| 100 | 1 |
_aDegregori, Carlos Iván, _eautor. |
|
| 245 | 1 | 0 |
_aConquistadores de un nuevo mundo : _bDe invasores a ciudadanos en San Martín de Porres / _cCarlos Iván Degregori, Cecilia Blondet, Nicolás Lynch. |
| 250 | _aSegunda edición. | ||
| 264 | 1 |
_aLima : _bInstituto de Estudios Peruanos, _c2014. |
|
| 300 |
_a284 páginas : _bilustraciones ; _c24 centímetros. |
||
| 336 |
_atext _2rdacontent |
||
| 337 |
_aunmediated _2rdamedia |
||
| 338 |
_avolume _2rdacarrier |
||
| 490 | 0 |
_aSerie ideología y política ; _v8 |
|
| 504 | _aBibliografía : páginas 279-284. | ||
| 505 | 0 | _aEl ecenario -- La historia -- Los nuevos protagonistas -- El nuevo ecenario -- "Al filo del agua" -- Datos estadísticos de San Martín de porres y "cruz de mayo". | |
| 526 | _aP136 | ||
| 526 | _aP135 | ||
| 526 | _aP134 | ||
| 526 | _aP133 | ||
| 526 | _aP144 | ||
| 526 | _aP143 | ||
| 526 | _aP87 | ||
| 526 | _aP35 | ||
| 526 | _aP20 | ||
| 526 | _aP14 | ||
| 526 | _aP10 | ||
| 526 | _aP06 | ||
| 526 | 8 |
_iPrograma académico : _5PE-LiUPU |
|
| 541 | _gF029-798; | ||
| 650 | 0 | 4 |
_aMigración interior _zPerú _zSan Martín de Porres. |
| 650 | 0 | 4 |
_aMigration, Internal _zPeru. |
| 700 | 1 |
_aBlondet, Cecilia, _eautor. |
|
| 700 | 1 |
_aLynch, Nicolás, _eautor. |
|
| 710 | 2 | _aInstituto de Estudios Peruanos. | |
| 910 |
_adbm _bjpc _cjpc _d201710117 |
||
| 942 |
_2ddc _cBOOK |
||
| 994 |
_aC0 _bPEPRU |
||
| 596 | _a1 | ||
| 999 |
_a985.25 D45 _wDEWEY _c25643 _i76986 _f2021-11-8 _g5 _lCCODEBUL1 _mBUL _p13.00 _r0 _sY _tBOOK _u2017-11-7 _xBIBLIOTECA _PP06 _0COMPRA _o.STAFF. Colección Ingeniería y Arquitectura _d25643 |
||
| 980 |
_81 _gALBERTO SANCHEZ Responsable de Automatización |
||